000 01154nam a22003017a 4500
001 8345
003 FISKH
005 20250909163737.0
008 250909b cb ||||| |||| 00| 0 eng d
020 _a9781416984467
040 _aFISKH
_beng
_cFISKH
_dFISKH
050 _aPZ7.P269367 H
082 _a331
100 _aPass, Erica
245 _aHooray for dads! /
_cby Erica Pass : illustrated by The Artifact Group
260 _aNew York :
_bSimon Spotlight/ Nickelodeon ,
_c2007.
300 _a24 unnumbered pages :
_bcolor illustrations ;
_c20 cm .
490 _aSpongeBob SquarePants 8x8
_v14
505 _aJ
520 _aJuvenile Fiction. Juvenile Literature. Humor (Fiction.) HTML:What's more important than spending time with Dad at the Annual Dad and Kid Games Day? SpongeBob SquarePants doesn't think anything is-until he believes the grand prize is a gold-plated spatula! .
521 8 _a460
_bLexile estimate
521 8 _aJ
_bRaz-Plus
650 _aSpongebob Squarepants
_vFiction
650 _aFathers and sons
_vFiction
700 _aThe Artinfact Group
_eIllustrator
942 _2ddc
_cBK
_n0
999 _c8345
_d8345